[Event "AUT-chT2M 1617"]
[Site "Austria"]
[Date "2017.03.25"]
[Round "10.1"]
[White "Reichmann, Egon"]
[Black "Branding, Volker"]
[Result "1-0"]
[WhiteElo "2267"]
[BlackElo "2177"]
[PlyCount "73"]
[EventDate "2016.10.07"]
[EventType "team-tourn"]
[EventRounds "11"]
[EventCountry "AUT"]
[SourceTitle "CBM 177 Extra"]
[Source "ChessBase"]
[SourceDate "2017.04.27"]
[SourceVersion "1"]
[SourceVersionDate "2017.04.27"]
[SourceQuality "1"]
[WhiteTeam "Wolfsberg"]
[BlackTeam "Gmunden"]
[WhiteTeamCountry "AUT"]
[BlackTeamCountry "AUT"]

1. e4 c5 2. Nf3 g6 3. d4 cxd4 4. c3 d3 5. Bxd3 Bg7 6. 0-0 d6 7. Qe2 Nc6 8. h3 Nf6 9. Rd1 Qc7 10. Na3 0-0 11. Nb5 Qb8 12. c4 Nd7 13. Bg5 Nc5 14. Rac1 a5 15. Bb1 Re8 16. Be3 b6 17. Nfd4 Bb7 18. f4 Qc8 19. Nf3 Na4 20. b3 Nc5 21. Nc3 Nb4 22. Nd5 Nxd5 23. exd5 e5 24. Qf2 f6 25. Qh4 exf4 26. Bxf4 Ne4 27. Bxe4 Rxe4 28. Qg3 Qc5+ 29. Kh2 Bf8 30. Re1 Rae8 31. Rxe4 Rxe4 32. Re1 Rxe1 33. Qxe1 a4 34. Qe6+ Kh8 35. Qf7 Qc8 36. Nd4 Bg7 37. Ne6 1-0

[Event "AUT-chT2M 1617"]
[Site "Austria"]
[Date "2017.03.24"]
[Round "9.4"]
[White "Reichmann, Egon"]
[Black "Fahrner, Kurt"]
[Result "1-0"]
[WhiteElo "2267"]
[BlackElo "2268"]
[PlyCount "125"]
[EventDate "2016.10.07"]
[EventType "team-tourn"]
[EventRounds "11"]
[EventCountry "AUT"]
[SourceTitle "CBM 177 Extra"]
[Source "ChessBase"]
[SourceDate "2017.04.27"]
[SourceVersion "1"]
[SourceVersionDate "2017.04.27"]
[SourceQuality "1"]
[WhiteTeam "Wolfsberg"]
[BlackTeam "Graz Austria"]
[WhiteTeamCountry "AUT"]
[BlackTeamCountry "AUT"]

1. d4 g6 2. e4 Bg7 3. Nc3 a6 4. h4 b5 5. h5 c5 6. Be3 Bb7 7. h6 Bxd4 8. Bxd4 cxd4 9. Qxd4 Nf6 10. Nd5 Nc6 11. Nxf6+ exf6 12. Qd2 Qa5 13. Qxa5 Nxa5 14. f3 d5 15. exd5 0-0-0 16. b4 Rhe8+ 17. Kf2 Nc4 18. Bxc4 bxc4 19. Rh4 Rxd5 20. Rxc4+ Kb8 21. Re1 Rxe1 22. Kxe1 Rh5 23. a4 Rxh6 24. Rc5 Rh4 25. c3 Bc8 26. Ne2 Rh1+ 27. Kf2 Ra1 28. a5 Ra2 29. Kf1 h5 30. Nd4 h4 31. Nc6+ Kb7 32. Nd8+ Kb8 33. Nc6+ Kb7 34. Nd8+ Kb8 35. Nxf7 h3 36. gxh3 Bxh3+ 37. Ke1 Bd7 38. Nd8 f5 39. Nc6+ Kb7 40. Nd4 f4 41. Rg5 Ra1+ 42. Kd2 Ra2+ 43. Kd3 Rf2 44. Ke4 Be8 45. Kxf4 Rf1 46. Rc5 Re1 47. Kg5 Rg1+ 48. Kf6 Ba4 49. Ke5 g5 50. Kd6 g4 51. Rc7+ Ka8 52. fxg4 Rxg4 53. Nc6 Bxc6 54. Rxc6 Kb8 55. Kc5 Kb7 56. Rb6+ Ka7 57. Rd6 Rg8 58. Rd7+ Kb8 59. c4 Rg5+ 60. Kc6 Rg6+ 61. Rd6 Rg7 62. Rd8+ Ka7 63. Rd7+ 1-0

[Event "AUT-chT2M 1617"]
[Site "Austria"]
[Date "2017.01.28"]
[Round "7.5"]
[White "Reichmann, Egon"]
[Black "Schenk, Andreas"]
[Result "1/2-1/2"]
[WhiteElo "2267"]
[BlackElo "2463"]
[PlyCount "67"]
[EventDate "2016.10.07"]
[EventType "team-tourn"]
[EventRounds "11"]
[EventCountry "AUT"]
[SourceTitle "CBM 177 Extra"]
[Source "ChessBase"]
[SourceDate "2017.04.27"]
[SourceVersion "1"]
[SourceVersionDate "2017.04.27"]
[SourceQuality "1"]
[WhiteTeam "Wolfsberg"]
[BlackTeam "Fuerstenfeld/Hartberg"]
[WhiteTeamCountry "AUT"]
[BlackTeamCountry "AUT"]

1. e4 e6 2. d4 d5 3. e5 c5 4. c3 Nc6 5. Nf3 Qb6 6. a3 Nh6 7. b4 cxd4 8. Bxh6 gxh6 9. cxd4 Bd7 10. Ra2 Rg8 11. g3 Rg4 12. Rd2 a5 13. b5 Re4+ 14. Be2 Qxb5 15. 0-0 Qb6 16. Bd3 Rg4 17. Bxh7 Be7 18. Bc2 h5 19. h3 Rg8 20. Kh2 Rc8 21. Re1 Qa7 22. Ba4 Qa6 23. Rb2 Na7 24. Rc2 b5 25. Rxc8+ Bxc8 26. Bc2 Qb6 27. Qd3 Rh8 28. Rc1 Bd7 29. Qd1 h4 30. g4 Nc6 31. g5 a4 32. Qd2 Na5 33. Qf4 Nc4 34. Nxh4 1/2-1/2

[Event "AUT-chT2M 1617"]
[Site "Austria"]
[Date "2016.11.13"]
[Round "5.1"]
[White "Baumegger, Siegfried"]
[Black "Reichmann, Egon"]
[Result "1-0"]
[WhiteElo "2442"]
[BlackElo "2267"]
[PlyCount "77"]
[EventDate "2016.10.07"]
[EventType "team-tourn"]
[EventRounds "11"]
[EventCountry "AUT"]
[SourceTitle "CBM 175 Extra"]
[Source "ChessBase"]
[SourceDate "2016.12.12"]
[SourceVersion "1"]
[SourceVersionDate "2016.12.12"]
[SourceQuality "1"]
[WhiteTeam "Leoben"]
[BlackTeam "Wolfsberg"]
[WhiteTeamCountry "AUT"]
[BlackTeamCountry "AUT"]

1. Nf3 d5 2. c4 d4 3. b4 f6 4. d3 e5 5. a3 a5 6. b5 Bc5 7. g3 Be6 8. Bg2 Nd7 9. 0-0 Ne7 10. Nbd2 0-0 11. a4 c6 12. Nb3 Bb4 13. Bd2 Bxd2 14. Nfxd2 cxb5 15. axb5 a4 16. Nc1 Nc5 17. Ne4 Nxe4 18. Bxe4 Qc7 19. Rxa4 Bh3 20. Bg2 Bxg2 21. Kxg2 b6 22. Qb3 Qb7+ 23. Kg1 Kh8 24. Na2 f5 25. Nb4 f4 26. Rxa8 Qxa8 27. Qa2 fxg3 28. hxg3 Qe8 29. Qa7 Nc8 30. Qc7 Qh5 31. c5 bxc5 32. Qxc5 Re8 33. b6 Nxb6 34. Qxb6 Qxe2 35. Qc6 Rb8 36. Na6 Rf8 37. Nc5 Qc2 38. Qe4 Rc8 39. Nd7 1-0

[Event "AUT-chT2M 1617"]
[Site "Austria"]
[Date "2016.10.07"]
[Round "1.5"]
[White "Huber, Martin Christian"]
[Black "Reichmann, Egon"]
[Result "1-0"]
[WhiteElo "2356"]
[BlackElo "2267"]
[PlyCount "199"]
[EventDate "2016.10.07"]
[EventType "team-tourn"]
[EventRounds "11"]
[EventCountry "AUT"]
[SourceTitle "EXT 2017"]
[Source "ChessBase"]
[SourceDate "2016.10.25"]
[SourceVersion "1"]
[SourceVersionDate "2016.10.25"]
[SourceQuality "1"]
[WhiteTeam "Graz Schachfreunde"]
[BlackTeam "Wolfsberg"]
[WhiteTeamCountry "AUT"]
[BlackTeamCountry "AUT"]

1. d4 d5 2. c4 c6 3. Nf3 e6 4. e3 f5 5. Bd3 Nf6 6. 0-0 Bd6 7. b3 Qe7 8. Bb2 0-0 9. Nc3 Bd7 10. Ne2 Be8 11. Ne5 a5 12. Rc1 Na6 13. f3 Nb4 14. Bb1 Nd7 15. Nf4 g5 16. Nh3 Nxe5 17. dxe5 Bc5 18. Bd4 Rd8 19. Bxc5 Qxc5 20. Qd2 h6 21. Rfd1 Qb6 22. c5 Qc7 23. Qd4 Bg6 24. Nf2 Kh7 25. a3 Na6 26. Bd3 Nb8 27. b4 axb4 28. axb4 Nd7 29. f4 Ra8 30. Ra1 Rfb8 31. Be2 gxf4 32. exf4 b6 33. Nd3 bxc5 34. Nxc5 Nxc5 35. Qxc5 Rxa1 36. Rxa1 Qb6 37. Ra6 Qxb4 38. Qxb4 Rxb4 39. Rxc6 Bf7 40. g3 Kg7 41. Kf2 Rb3 42. Rc7 Kf8 43. Rc8+ Kg7 44. Rc7 Kf8 45. h3 Ra3 46. Rc8+ Kg7 47. Rc6 Kf8 48. g4 Rxh3 49. gxf5 exf5 50. Bf3 Rh2+ 51. Bg2 Rh4 52. Rf6 Ke7 53. Rxf5 Rg4 54. Rf6 d4 55. Be4 h5 56. Bf3 Rg8 57. Rh6 Rb8 58. f5 Rb5 59. e6 Rxf5 60. exf7 Rxf7 61. Rxh5 Rf6 62. Re5+ Kd7 63. Re4 Rd6 64. Ke2 Kc7 65. Kd3 Kb6 66. Re5 Kc7 67. Re7+ Rd7 68. Re6 Rd6 69. Re1 Kd8 70. Ra1 Ke7 71. Ra5 Kf6 72. Be4 Ke7 73. Re5+ Kf6 74. Rf5+ Ke7 75. Rh5 Kf6 76. Rh6+ Ke5 77. Rh5+ Kf6 78. Bd5 Kg6 79. Re5 Kf6 80. Kxd4 Ra6 81. Re8 Ra4+ 82. Bc4 Ra5 83. Rf8+ Kg7 84. Rf1 Rg5 85. Be6 Ra5 86. Bd5 Ra3 87. Ke5 Rg3 88. Be4 Rg5+ 89. Bf5 Rg3 90. Ra1 Kh6 91. Kf4 Rg2 92. Ra7 Rf2+ 93. Ke5 Kg5 94. Rg7+ Kh4 95. Rg8 Rf1 96. Rg4+ Kh5 97. Kf6 Rf2 98. Rg3 Rh2 99. Rg8 Rf2 100. Rh8# 1-0

[Event "AUT-chT2M 1516"]
[Site "Austria"]
[Date "2016.02.27"]
[Round "7.3"]
[White "Reichmann, Egon"]
[Black "Knoll, Hermann"]
[Result "1-0"]
[WhiteElo "2260"]
[BlackElo "2319"]
[PlyCount "91"]
[EventDate "2015.10.02"]
[EventType "team-tourn"]
[EventRounds "11"]
[EventCountry "AUT"]
[SourceTitle "EXT 2017"]
[Source "ChessBase"]
[SourceDate "2016.10.25"]
[SourceVersion "1"]
[SourceVersionDate "2016.10.25"]
[SourceQuality "1"]
[WhiteTeam "Wolfsberg"]
[BlackTeam "Ansfelden"]
[WhiteTeamCountry "AUT"]
[BlackTeamCountry "AUT"]

1. d4 Nf6 2. Nf3 e6 3. c4 b6 4. g3 Ba6 5. b3 d5 6. Bg2 dxc4 7. 0-0 cxb3 8. Ne5 Nd5 9. axb3 Bd6 10. Nc4 f5 11. e4 fxe4 12. Qh5+ g6 13. Qh3 Qf6 14. Bxe4 0-0 15. Bg5 Qf7 16. Nbd2 Bb7 17. Rae1 Nd7 18. Nxd6 cxd6 19. Nc4 N7f6 20. Nxd6 Qd7 21. Nxb7 Rae8 22. Bxf6 Rxf6 23. Bxd5 Qxd5 24. Qg2 Rf5 25. Re5 Qd7 26. Rfe1 Rb8 27. Rxe6 Rxb7 28. R6e5 Rf7 29. d5 Rc7 30. Qe4 Rc8 31. Kg2 Rb8 32. h4 Rf5 33. Rxf5 gxf5 34. Qe6+ Qxe6 35. dxe6 Re8 36. Kf3 Kg7 37. Kf4 Kf6 38. e7 Rxe7 39. Rxe7 Kxe7 40. Kxf5 Kd6 41. Ke4 Kc5 42. g4 a5 43. g5 Kd6 44. h5 Ke7 45. Kd5 b5 46. Kc5 1-0

[Event "Pula op 28th"]
[Site "Pula"]
[Date "2014.06.12"]
[Round "7"]
[White "Konic, Zlatko"]
[Black "Reichmann, Egon"]
[Result "1/2-1/2"]
[WhiteElo "2103"]
[BlackElo "2249"]
[PlyCount "88"]
[EventDate "2014.06.07"]
[EventType "swiss"]
[EventRounds "9"]
[EventCountry "CRO"]
[SourceTitle "CBM 160 Extra"]
[Source "ChessBase"]
[SourceDate "2014.07.01"]
[SourceVersion "1"]
[SourceVersionDate "2014.07.01"]
[SourceQuality "1"]

1. d4 d5 2. c4 e6 3. Nc3 c6 4. e3 f5 5. Bd3 Nf6 6. Nf3 Bd6 7. 0-0 0-0 8. b3 Bd7 9. Qc2 Be8 10. cxd5 cxd5 11. Nb5 Bxb5 12. Bxb5 a6 13. Bd3 Nc6 14. a3 Rc8 15. Qe2 Na5 16. Rb1 Ne4 17. Bxe4 fxe4 18. Ne5 Bxe5 19. dxe5 Qg5 20. Qd2 Nc6 21. Bb2 Nxe5 22. Bxe5 Qxe5 23. Qb4 Rf7 24. Rbc1 Rcf8 25. Rc2 h5 26. a4 h4 27. h3 Rc7 28. Rxc7 Qxc7 29. Qd2 Rc8 30. Qd4 Rd8 31. Qd2 Rd6 32. f3 exf3 33. Rxf3 Rc6 34. Rf1 Rc2 35. Qd1 Rc3 36. Qh5 Qe7 37. Qe5 Rxb3 38. Rc1 Qf6 39. Qh5 Qh6 40. Qe8+ Kh7 41. Kh1 Qxe3 42. Rf1 Rb2 43. Qh5+ Qh6 44. Qe8 Qg6 1/2-1/2

[Event "AUT-chT2M 1112"]
[Site "Austria"]
[Date "2012.03.03"]
[Round "8.5"]
[White "Fahrner, Kurt"]
[Black "Reichmann, Egon"]
[Result "1-0"]
[WhiteElo "2319"]
[BlackElo "2279"]
[PlyCount "54"]
[EventDate "2011.10.21"]
[EventType "team-tourn"]
[EventRounds "11"]
[EventCountry "AUT"]
[SourceTitle "EXT 2013"]
[Source "ChessBase"]
[SourceDate "2012.11.22"]
[SourceVersion "1"]
[SourceVersionDate "2012.11.22"]
[SourceQuality "1"]
[WhiteTeam "Graz Austria"]
[BlackTeam "Wolfsberg"]
[WhiteTeamCountry "AUT"]
[BlackTeamCountry "AUT"]

1. c4 c5 2. Nc3 Nf6 3. g3 d5 4. cxd5 Nxd5 5. Bg2 Nc7 6. b3 e5 7. Ba3 Nd7 8. Rc1 Rb8 9. e3 Be7 10. Nf3 b5 11. Ne4 b4 12. Bb2 f6 13. 0-0 Ba6 14. Re1 Bd3 15. Nh4 g6 16. f4 0-0 17. f5 g5 18. Nf2 Nb6 19. Qg4 Ne8 20. Nxd3 Qxd3 21. Be4 Qxd2 22. Ng6 hxg6 23. fxg6 f5 24. Qh3 Rf7 25. gxf7+ Kxf7 26. Qxf5+ Nf6 27. Qg6+ Ke6 1-0

[Event "AUT-chT2M 1112"]
[Site "Austria"]
[Date "2012.03.02"]
[Round "7.5"]
[White "Ennsberger, Ulrich"]
[Black "Reichmann, Egon"]
[Result "1-0"]
[WhiteElo "2373"]
[BlackElo "2279"]
[PlyCount "119"]
[EventDate "2011.10.21"]
[EventType "team-tourn"]
[EventRounds "11"]
[EventCountry "AUT"]
[SourceTitle "EXT 2013"]
[Source "ChessBase"]
[SourceDate "2012.11.22"]
[SourceVersion "1"]
[SourceVersionDate "2012.11.22"]
[SourceQuality "1"]
[WhiteTeam "Ansfelden"]
[BlackTeam "Wolfsberg"]
[WhiteTeamCountry "AUT"]
[BlackTeamCountry "AUT"]

1. Nf3 d5 2. g3 c6 3. Bg2 Nf6 4. 0-0 Bf5 5. d4 Nbd7 6. c4 e6 7. Nc3 Be7 8. Bf4 h6 9. Ne5 0-0 10. Rc1 Nxe5 11. Bxe5 Bd6 12. Qb3 Rb8 13. Rfd1 Qe7 14. Bxd6 Qxd6 15. Qa4 a6 16. c5 Qe7 17. f4 Ng4 18. e4 dxe4 19. Re1 Nf6 20. Nxe4 Bxe4 21. Bxe4 Nxe4 22. Rxe4 Qf6 23. Re5 Rfd8 24. Rf1 g6 25. Rfe1 Rd7 26. R1e4 Rbd8 27. Qb4 Kg7 28. Qc3 Rd5 29. Rxd5 Rxd5 30. Re5 Rd7 31. Kg2 Kh7 32. Qe3 Qd8 33. Re4 Rd5 34. h4 h5 35. b4 Qd7 36. a4 Kg8 37. Qf2 f5 38. Re2 Rxd4 39. Qe3 Re4 40. Rd2 Qe7 41. Qb3 Kf8 42. Rd6 e5 43. fxe5 Rxe5 44. Rxg6 Rd5 45. Qf3 Qe4 46. Qxe4 fxe4 47. Rh6 Rd2+ 48. Kh3 Rb2 49. Rxh5 Rxb4 50. a5 Rb5 51. Kg4 Rxa5 52. Rf5+ Kg7 53. h5 Ra3 54. Kh4 e3 55. g4 Rc3 56. Kg5 Rc4 57. h6+ Kg8 58. Re5 Kh7 59. Re7+ Kg8 60. h7+ 1-0

[Event "AUT-chT2M 1112"]
[Site "Austria"]
[Date "2011.12.04"]
[Round "6.4"]
[White "Reichmann, Egon"]
[Black "Petschar, Kurt"]
[Result "1-0"]
[WhiteElo "2279"]
[BlackElo "2312"]
[PlyCount "73"]
[EventDate "2011.10.21"]
[EventType "team-tourn"]
[EventRounds "11"]
[EventCountry "AUT"]
[SourceTitle "EXT 2013"]
[Source "ChessBase"]
[SourceDate "2012.11.22"]
[SourceVersion "1"]
[SourceVersionDate "2012.11.22"]
[SourceQuality "1"]
[WhiteTeam "Wolfsberg"]
[BlackTeam "Die Klagenfurter"]
[WhiteTeamCountry "AUT"]
[BlackTeamCountry "AUT"]

1. d4 d5 2. Nf3 Nf6 3. c4 c6 4. Nc3 a6 5. a4 e6 6. Bg5 Nbd7 7. e3 Qa5 8. Nd2 Bb4 9. Qc2 dxc4 10. Bxf6 Nxf6 11. Bxc4 0-0 12. 0-0 e5 13. Nb3 Qc7 14. h3 exd4 15. Nxd4 Qe5 16. Rae1 Nd5 17. Bxd5 cxd5 18. Rd1 Be6 19. Qb3 Bd6 20. Nf3 Qh5 21. Nxd5 Bxh3 22. Nf6+ gxf6 23. Rxd6 Bxg2 24. Kxg2 Qg4+ 25. Kh2 Qxf3 26. Qd1 Qxd1 27. Rfxd1 Rfc8 28. Rxf6 Rd8 29. Rg1+ Kf8 30. Rg4 b5 31. Kg3 bxa4 32. Rh6 Rab8 33. Rxh7 Ke7 34. Re4+ Kd6 35. Rxa4 Rg8+ 36. Kf3 Rxb2 37. Rxa6+ 1-0

[Event "AUT-chT2M 1112"]
[Site "Austria"]
[Date "2011.10.22"]
[Round "2.4"]
[White "Wittmann, Walter"]
[Black "Reichmann, Egon"]
[Result "1/2-1/2"]
[WhiteElo "2300"]
[BlackElo "2279"]
[PlyCount "35"]
[EventDate "2011.10.21"]
[EventType "team-tourn"]
[EventRounds "11"]
[EventCountry "AUT"]
[SourceTitle "EXT 2013"]
[Source "ChessBase"]
[SourceDate "2012.11.22"]
[SourceVersion "1"]
[SourceVersionDate "2012.11.22"]
[SourceQuality "1"]
[WhiteTeam "Graz Styria"]
[BlackTeam "Wolfsberg"]
[WhiteTeamCountry "AUT"]
[BlackTeamCountry "AUT"]

1. e4 e5 2. Nf3 Nc6 3. Nc3 Nf6 4. Bb5 Bb4 5. 0-0 0-0 6. Bxc6 bxc6 7. Nxe5 Qe8 8. Nf3 Bxc3 9. bxc3 Qxe4 10. d3 Qg4 11. h3 Qh5 12. Nd4 Qd5 13. Be3 c5 14. c4 Qe5 15. Nf3 Qh5 16. Nh2 Qe5 17. Nf3 Qh5 18. Nh2 1/2-1/2

[Event "Pula op 25th"]
[Site "Pula"]
[Date "2011.06.23"]
[Round "7"]
[White "Shtivelband, Vladimir"]
[Black "Reichmann, Egon"]
[Result "1-0"]
[WhiteElo "2170"]
[BlackElo "2327"]
[PlyCount "75"]
[EventDate "2011.06.18"]
[EventType "swiss"]
[EventRounds "9"]
[EventCountry "CRO"]
[SourceTitle "CBM 143 Extra"]
[Source "ChessBase"]
[SourceDate "2011.08.29"]
[SourceVersion "1"]
[SourceVersionDate "2011.08.29"]
[SourceQuality "1"]

1. c4 c5 2. Nf3 Nf6 3. d4 cxd4 4. Nxd4 e5 5. Nb5 d5 6. cxd5 Bc5 7. N1c3 0-0 8. Na3 Bf5 9. Nc2 Na6 10. e3 Nc7 11. Bc4 Rc8 12. 0-0 Qe7 13. e4 Nxe4 14. Ne3 Bg6 15. Qb3 Nd6 16. Be2 Nce8 17. Na4 Bd4 18. Bd2 f5 19. Rfc1 Rxc1+ 20. Rxc1 f4 21. Nc2 Qh4 22. Nxd4 exd4 23. Nc5 Nf6 24. Ne6 d3 25. Nxf8 Nfe4 26. Nxg6 Qxf2+ 27. Kh1 dxe2 28. Qf3 hxg6 29. Qxf4 e1Q+ 30. Rxe1 Qxd2 31. Qxd2 Nxd2 32. Re7 N2e4 33. Kg1 g5 34. Kf1 Kh7 35. Re6 Kg8 36. Ke2 g4 37. Ke3 g3 38. h3 1-0

[Event "AUT-chT2M 0910"]
[Site "Austria"]
[Date "2010.04.16"]
[Round "9.1"]
[White "Reichmann, Egon"]
[Black "Horvath, Jozsef"]
[Result "0-1"]
[WhiteElo "2331"]
[BlackElo "2547"]
[PlyCount "76"]
[EventDate "2009.10.10"]
[EventType "team-tourn"]
[EventRounds "11"]
[EventCountry "AUT"]
[SourceTitle "EXT 2011"]
[Source "ChessBase"]
[SourceDate "2010.11.26"]
[SourceVersion "1"]
[SourceVersionDate "2010.11.26"]
[SourceQuality "1"]
[WhiteTeam "Villach Admira"]
[BlackTeam "Klagenfurt"]
[WhiteTeamCountry "AUT"]
[BlackTeamCountry "AUT"]

1. d4 Nf6 2. Nf3 e6 3. c4 Bb4+ 4. Nbd2 b6 5. g3 Bb7 6. Bg2 0-0 7. 0-0 d5 8. cxd5 exd5 9. Nb3 Nbd7 10. Bf4 Re8 11. Rc1 c6 12. Ne5 Nxe5 13. Bxe5 Ne4 14. Qc2 Qd7 15. a3 Bf8 16. Nd2 Ng5 17. Nf3 Nh3+ 18. Kh1 f6 19. Bf4 Nxf4 20. gxf4 c5 21. dxc5 bxc5 22. e3 Rad8 23. Rfd1 Kh8 24. Nd2 d4 25. Nc4 Bxg2+ 26. Kxg2 Qg4+ 27. Kf1 Qh3+ 28. Kg1 Qg4+ 29. Kf1 Qf3 30. Kg1 Rd5 31. Rd3 Qg4+ 32. Kh1 Qf3+ 33. Kg1 Rh5 34. Qd1 Qh3 35. Rc2 Qxh2+ 36. Kf1 Rh3 37. Rcd2 Qh1+ 38. Ke2 Qf3+ 0-1

[Event "Villach Admira 60 op"]
[Site "Villach"]
[Date "2006.02.17"]
[Round "8"]
[White "Reichmann, Egon"]
[Black "Jeric, Simon"]
[Result "1-0"]
[WhiteElo "2328"]
[BlackElo "2328"]
[PlyCount "79"]
[EventDate "2006.02.11"]
[EventType "swiss"]
[EventRounds "9"]
[EventCountry "AUT"]
[SourceTitle "CBM 110 Extra"]
[Source "ChessBase"]
[SourceDate "2006.03.10"]
[SourceVersion "2"]
[SourceVersionDate "2006.03.10"]
[SourceQuality "1"]

1. e4 e5 2. Nf3 Nc6 3. d4 exd4 4. Nxd4 Qf6 5. Be3 Bc5 6. c3 b6 7. Bc4 Bb7 8. 0-0 0-0-0 9. Nxc6 Bxc6 10. Bxc5 bxc5 11. Nd2 Nh6 12. Bd5 Bxd5 13. exd5 Rhe8 14. Qa4 Kb8 15. Qc4 Qb6 16. b4 cxb4 17. Rab1 a5 18. Nb3 d6 19. cxb4 a4 20. Nc5 Kc8 21. Nxa4 Qb7 22. b5 Re5 23. b6 Rd7 24. bxc7 Qxc7 25. Nb6+ Kd8 26. Qh4+ Rde7 27. Rfc1 Re4 28. f4 Qb7 29. Rc8+ Qxc8 30. Nxc8 Kxc8 31. Qh3+ f5 32. Rc1+ Kd7 33. Qc3 Ke8 34. h3 Rxf4 35. Qc6+ Rd7 36. Qc8+ Rd8 37. Qe6+ Kf8 38. Rc8 Rxc8 39. Qxc8+ Kf7 40. Qe6+ 1-0

[Event "Villach Admira 60 op"]
[Site "Villach"]
[Date "2006.02.16"]
[Round "7"]
[White "Reichmann, Egon"]
[Black "Padjen, Zdenko"]
[Result "1-0"]
[WhiteElo "2328"]
[BlackElo "2074"]
[PlyCount "41"]
[EventDate "2006.02.11"]
[EventType "swiss"]
[EventRounds "9"]
[EventCountry "AUT"]
[SourceTitle "CBM 110 Extra"]
[Source "ChessBase"]
[SourceDate "2006.03.10"]
[SourceVersion "2"]
[SourceVersionDate "2006.03.10"]
[SourceQuality "1"]

1. e4 c5 2. Nf3 g6 3. d4 Bg7 4. Nc3 cxd4 5. Nxd4 Nc6 6. Nb3 Bxc3+ 7. bxc3 Nf6 8. Bd3 0-0 9. c4 Qc7 10. Bb2 Ne5 11. Qe2 Nh5 12. 0-0 Nf4 13. Qe3 g5 14. h4 h6 15. g3 Ng4 16. Qf3 Nh3+ 17. Kg2 d6 18. hxg5 hxg5 19. Rh1 Ngxf2 20. Qxf2 Nxf2 21. Rh8# 1-0

[Event "Faakersee op 17th"]
[Site "Latschach"]
[Date "2001.08.16"]
[Round "7"]
[White "Neulinger, Manfred"]
[Black "Reichmann, Egon"]
[Result "1/2-1/2"]
[WhiteElo "2348"]
[BlackElo "2277"]
[PlyCount "75"]
[EventDate "2001.08.04"]
[EventType "swiss"]
[EventRounds "9"]
[EventCountry "AUT"]
[SourceTitle "EXT 2002"]
[Source "ChessBase"]
[SourceDate "2001.11.25"]
[SourceVersion "1"]
[SourceVersionDate "2001.11.25"]
[SourceQuality "1"]

1. e4 e5 2. Nf3 Nc6 3. Bb5 f5 4. Bxc6 dxc6 5. Nc3 fxe4 6. Nxe4 Nf6 7. Qe2 Bg4 8. d3 Qd5 9. h3 Bxf3 10. Qxf3 Be7 11. Bg5 Rf8 12. Bxf6 gxf6 13. Qf5 Qg8 14. g4 Qg6 15. Ke2 Qxf5 16. gxf5 Rg8 17. Rag1 Kf7 18. Kf1 b6 19. Rxg8 Rxg8 20. Rg1 Rxg1+ 21. Kxg1 Kg7 22. Kg2 Kh6 23. Kg3 Kh5 24. f3 a6 25. h4 Kh6 26. Kg4 Kg7 27. c4 Bb4 28. h5 Be1 29. f4 exf4 30. Kxf4 Bb4 31. d4 Bd6+ 32. Kg4 Bh2 33. Nc3 Bg1 34. Ne2 Be3 35. Kf3 Bg5 36. b3 Kh6 37. Kg4 Be3 38. Kh4 1/2-1/2

[Event "AUT-chT2S 0001"]
[Site "Austria"]
[Date "2000.12.09"]
[Round "5"]
[White "Reichmann, Egon"]
[Black "Frosch, Ronald"]
[Result "1-0"]
[WhiteElo "2291"]
[BlackElo "2169"]
[PlyCount "51"]
[EventDate "2000.??.??"]
[EventType "team"]
[EventRounds "11"]
[EventCountry "AUT"]
[SourceTitle "EXT 2002"]
[Source "ChessBase"]
[SourceDate "2001.11.25"]
[SourceVersion "1"]
[SourceVersionDate "2001.11.25"]
[SourceQuality "1"]

1. e4 e5 2. Nf3 Nc6 3. Bb5 a6 4. Ba4 Nf6 5. d4 exd4 6. 0-0 Be7 7. e5 Ne4 8. Nxd4 Nxd4 9. Qxd4 Nc5 10. Nc3 0-0 11. Bg5 Nxa4 12. Bxe7 Qxe7 13. Nxa4 b6 14. Nc3 Bb7 15. Nd5 Qe6 16. Rad1 c5 17. Qe4 Kh8 18. f4 Rfe8 19. Qd3 Qc6 20. Rf3 Re6 21. c4 d6 22. Rh3 h6 23. f5 Rxe5 24. f6 Qe8 25. Qg3 Rg5 26. Qxg5 1-0